[Event "EU-ch U18 Girls 30th"]
[Site "Antalya"]
[Date "2022.11.13"]
[Round "8"]
[White "Ivanecka, Natalia"]
[Black "Ostensson, Julia"]
[Result "1/2-1/2"]
[WhiteElo "1823"]
[BlackElo "1847"]
[PlyCount "25"]
[EventDate "2022.11.06"]
[EventType "swiss"]
[EventRounds "9"]
[EventCountry "TUR"]
[SourceTitle "EXT 2024"]
[Source "ChessBase"]
[SourceDate "2023.10.10"]
[SourceVersion "1"]
[SourceVersionDate "2023.10.10"]
[SourceQuality "1"]

1. d4 Nf6 2. c4 g6 3. Nc3 Bg7 4. Bg5 d6 5. e3 0-0 6. Be2 c5 7. d5 Re8 8. Nf3 a6 9. 0-0 e6 10. dxe6 Bxe6 11. Ne4 Bxc4 12. Bxf6 Bxf6 13. Bxc4 1/2-1/2

[Event "EU-ch U18 Girls 30th"]
[Site "Antalya"]
[Date "2022.11.08"]
[Round "3"]
[White "Kroliczek, Gabriela"]
[Black "Ivanecka, Natalia"]
[Result "1-0"]
[WhiteElo "2011"]
[BlackElo "1823"]
[PlyCount "54"]
[EventDate "2022.11.06"]
[EventType "swiss"]
[EventRounds "9"]
[EventCountry "TUR"]
[SourceTitle "EXT 2024"]
[Source "ChessBase"]
[SourceDate "2023.10.10"]
[SourceVersion "1"]
[SourceVersionDate "2023.10.10"]
[SourceQuality "1"]

1. e4 e5 2. Nf3 Nc6 3. Nc3 Nf6 4. h3 Bc5 5. Nxe5 Nxe5 6. d4 Bxd4 7. Qxd4 Nc6 8. Qa4 h6 9. Be3 d6 10. 0-0-0 Bd7 11. Qb5 Rb8 12. f4 a6 13. Qe2 b5 14. e5 Nh7 15. exd6 0-0 16. Qf3 cxd6 17. Kb1 Qc7 18. Bd3 Rfc8 19. g4 Qa5 20. Bxh7+ Kxh7 21. Qe4+ Kh8 22. Rxd6 b4 23. Nd5 Re8 24. Qd3 Be6 25. f5 Bxd5 26. Rxd5 Rxe3 27. Qc4 Qb6 1-0

[Event "SVK-ch U16/20 Girls"]
[Site "Stara Lubovna"]
[Date "2021.07.03"]
[Round "9"]
[White "Zetocha, Adela"]
[Black "Ivanecka, Natalia"]
[Result "0-1"]
[WhiteElo "1397"]
[BlackElo "1736"]
[PlyCount "88"]
[EventDate "2021.06.26"]
[EventType "swiss"]
[EventRounds "9"]
[EventCountry "SVK"]
[SourceTitle "CBM 203 Extra"]
[Source "ChessBase"]
[SourceDate "2021.09.30"]
[SourceVersion "1"]
[SourceVersionDate "2021.09.30"]
[SourceQuality "1"]

1. d4 Nf6 2. c4 e6 3. Nc3 d5 4. cxd5 exd5 5. Bg5 Be7 6. e3 c6 7. Bd3 0-0 8. Qc2 Nbd7 9. Nf3 h6 10. Bf4 Nb6 11. 0-0 Bd6 12. Ne5 Qc7 13. Rac1 a6 14. a3 Nbd7 15. Nxd7 Bxd7 16. Bxd6 Qxd6 17. h3 Rfe8 18. b4 a5 19. Qb2 axb4 20. axb4 b5 21. Ra1 Be6 22. Ra3 Nd7 23. Rfa1 Nb6 24. Ra6 Rxa6 25. Rxa6 Nc4 26. Bxc4 dxc4 27. Ne4 Qc7 28. Nc5 Bd5 29. Ra3 Qe7 30. Qd2 Qg5 31. f3 Bxf3 32. Qf2 Bd5 33. Nb7 Qe7 34. Nc5 Qd6 35. Ra7 Qg6 36. Ra3 Qb1+ 37. Kh2 Qxb4 38. Ra7 Rf8 39. e4 Be6 40. Qg3 Bc8 41. e5 Qd2 42. Qh4 Qe3 43. Qe7 c3 44. Rc7 c2 0-1

[Event "SVK-ch U16/20 Girls"]
[Site "Stara Lubovna"]
[Date "2021.06.29"]
[Round "5"]
[White "Ivanecka, Natalia"]
[Black "Khovpei, Oleksandra"]
[Result "1-0"]
[WhiteElo "1736"]
[BlackElo "1352"]
[PlyCount "59"]
[EventDate "2021.06.26"]
[EventType "swiss"]
[EventRounds "9"]
[EventCountry "SVK"]
[SourceTitle "CBM 203 Extra"]
[Source "ChessBase"]
[SourceDate "2021.09.30"]
[SourceVersion "1"]
[SourceVersionDate "2021.09.30"]
[SourceQuality "1"]

1. e4 c5 2. Nf3 Nc6 3. d4 cxd4 4. Nxd4 g6 5. Nc3 Bg7 6. Be3 Nf6 7. Be2 d5 8. Bb5 0-0 9. Nxc6 bxc6 10. Bxc6 Rb8 11. Rb1 Nxe4 12. Nxe4 dxe4 13. Qxd8 Rxd8 14. Bxa7 Rxb2 15. Rxb2 Bc3+ 16. Ke2 Bxb2 17. Bxe4 Be6 18. a4 f5 19. Bd3 Bd5 20. f3 Ra8 21. Bc5 Rxa4 22. Bxe7 Bc3 23. Bg5 Be5 24. g3 f4 25. g4 Bc3 26. Rd1 Kg7 27. Bb5 Bc4+ 28. Bxc4 Rxc4 29. Rd7+ Kg8 30. Kd3 1-0

[Event "SVK-ch U16/20 Girls"]
[Site "Stara Lubovna"]
[Date "2021.06.28"]
[Round "3"]
[White "Ivanecka, Natalia"]
[Black "Fajtakova, Silvia"]
[Result "0-1"]
[WhiteElo "1736"]
[BlackElo "1485"]
[PlyCount "106"]
[EventDate "2021.06.26"]
[EventType "swiss"]
[EventRounds "9"]
[EventCountry "SVK"]
[SourceTitle "CBM 203 Extra"]
[Source "ChessBase"]
[SourceDate "2021.09.30"]
[SourceVersion "1"]
[SourceVersionDate "2021.09.30"]
[SourceQuality "1"]

1. d4 d5 2. c4 e6 3. Nc3 Nf6 4. Nf3 Be7 5. Bg5 0-0 6. e3 b6 7. Bd3 h6 8. Bh4 Bb7 9. 0-0 Nbd7 10. Re1 c5 11. Rc1 Ne4 12. Bxe7 Qxe7 13. Qc2 Nef6 14. e4 dxc4 15. Bxc4 cxd4 16. Nxd4 Rac8 17. Bd3 Nc5 18. Qe2 Rfd8 19. e5 Rxd4 20. exf6 Qxf6 21. Bb1 Rcd8 22. Rcd1 Qg5 23. f3 Rxd1 24. Rxd1 Ba6 25. Rxd8+ Qxd8 26. Qe3 Qd7 27. b4 Na4 28. Bc2 Nxc3 29. Qxc3 Qb5 30. Qe1 Qc4 31. Qd1 g6 32. a3 Qc3 33. Be4 Qxa3 34. Qd8+ Kh7 35. Qd4 Qc1+ 36. Kf2 Qc7 37. Qf6 Bb5 38. h3 Be8 39. Qd4 a5 40. bxa5 bxa5 41. Qa1 a4 42. Qa3 Kg7 43. Qb2+ Kg8 44. Qa3 h5 45. Bd3 Qa7+ 46. Kg3 Bc6 47. Bc2 Bb5 48. f4 Qd4 49. Qf3 Qc4 50. Bd1 Bc6 51. Qa3 h4+ 52. Kg4 e5 53. Qe3 Qxf4+ 0-1

[Event "SVK-ch U20 Girls"]
[Site "Lubovna"]
[Date "2020.08.22"]
[Round "9"]
[White "Tomcikova, Dominika"]
[Black "Ivanecka, Natalia"]
[Result "1/2-1/2"]
[WhiteElo "1912"]
[BlackElo "1641"]
[PlyCount "82"]
[EventDate "2020.08.15"]
[EventType "swiss"]
[EventRounds "9"]
[EventCountry "SVK"]
[SourceTitle "EXT 2021"]
[Source "ChessBase"]
[SourceDate "2020.10.23"]
[SourceVersion "1"]
[SourceVersionDate "2020.10.23"]
[SourceQuality "1"]

1. e4 e5 2. Nf3 Nc6 3. Bc4 Bc5 4. c3 Nf6 5. d3 h6 6. b4 Bd6 7. 0-0 0-0 8. Nbd2 Ne7 9. Bb3 Ng6 10. Nc4 Qe7 11. Ne3 Qd8 12. Nc4 Qe7 13. a4 c6 14. Re1 Bc7 15. h3 d6 16. Ne3 Be6 17. Nf5 Qd7 18. N3h4 Nxh4 19. Bxe6 fxe6 20. Nxh4 d5 21. Ng6 Rfe8 22. Qe2 Qf7 23. Nh4 Nh5 24. Nf3 Nf4 25. Bxf4 exf4 26. e5 g5 27. Nh2 Qg6 28. d4 Kh8 29. Rad1 Rg8 30. Ng4 Bd8 31. Rd2 Be7 32. f3 Raf8 33. Qd3 h5 34. Qxg6 Rxg6 35. Nh2 Rfg8 36. Rb1 Rb8 37. Kf1 Rgg8 38. Ke2 b6 39. Rdb2 Kg7 40. Kd3 Kf7 41. Nf1 Rbc8 1/2-1/2

[Event "Drienica Saris op"]
[Site "Drienica"]
[Date "2020.08.14"]
[Round "8"]
[White "Ivanecka, Natalia"]
[Black "Geffert, Peter"]
[Result "1/2-1/2"]
[WhiteElo "1641"]
[BlackElo "1857"]
[PlyCount "68"]
[EventDate "2020.08.07"]
[EventType "swiss"]
[EventRounds "9"]
[EventCountry "SVK"]
[SourceTitle "CBM 197 Extra"]
[Source "ChessBase"]
[SourceDate "2020.09.30"]
[SourceVersion "1"]
[SourceVersionDate "2020.09.30"]
[SourceQuality "1"]

1. e4 c5 2. Nf3 d6 3. d4 cxd4 4. Nxd4 Nf6 5. Nc3 a6 6. Be3 e5 7. Nb3 Be6 8. Be2 Nbd7 9. 0-0 Be7 10. Qd2 0-0 11. Rad1 Rc8 12. f4 Nb6 13. f5 Bc4 14. Rf3 Bxe2 15. Qxe2 Nc4 16. Bc1 Qb6+ 17. Kh1 Qc6 18. Rh3 Nb6 19. Qe1 Rfd8 20. Qh4 d5 21. Bg5 dxe4 22. Bxf6 Bxf6 23. Qxh7+ Kf8 24. Qh5 Nc4 25. Qe2 Nxb2 26. Rh8+ Ke7 27. Rdxd8 Rxd8 28. Rxd8 Kxd8 29. Nxe4 Be7 30. Qd2+ Ke8 31. Qe2 Nc4 32. h3 Na3 33. c3 Nb5 34. c4 Na3 1/2-1/2

[Event "Drienica Saris op"]
[Site "Drienica"]
[Date "2020.08.07"]
[Round "1"]
[White "Garancovsky, Pavol"]
[Black "Ivanecka, Natalia"]
[Result "1-0"]
[WhiteElo "2027"]
[BlackElo "1641"]
[PlyCount "43"]
[EventDate "2020.08.07"]
[EventType "swiss"]
[EventRounds "9"]
[EventCountry "SVK"]
[SourceTitle "CBM 197 Extra"]
[Source "ChessBase"]
[SourceDate "2020.09.30"]
[SourceVersion "1"]
[SourceVersionDate "2020.09.30"]
[SourceQuality "1"]

1. d4 Nf6 2. g3 e6 3. Bg2 d5 4. Nf3 c5 5. 0-0 Nbd7 6. c4 Be7 7. cxd5 Nxd5 8. e4 N5f6 9. Nc3 cxd4 10. Qxd4 Bc5 11. Qa4 0-0 12. Bg5 Qb6 13. Qc2 Qc6 14. Rad1 h6 15. Bc1 e5 16. Nd5 Re8 17. Nh4 Nf8 18. Nxf6+ gxf6 19. Qe2 Nh7 20. Nf5 Bf8 21. Qh5 Ng5 22. h4 1-0

[Event "SVK-ch U14 Girls"]
[Site "Liptovsky Mikulas"]
[Date "2019.04.26"]
[Round "5"]
[White "Ivanecka, Natalia"]
[Black "Striskova, Lucia"]
[Result "0-1"]
[WhiteElo "1558"]
[BlackElo "1429"]
[PlyCount "54"]
[EventDate "2019.04.23"]
[EventType "swiss"]
[EventRounds "9"]
[EventCountry "SVK"]
[SourceTitle "CBM 190 Extra"]
[Source "ChessBase"]
[SourceDate "2019.07.15"]
[SourceVersion "1"]
[SourceVersionDate "2019.07.15"]
[SourceQuality "1"]

1. e4 e5 2. Nf3 Nc6 3. Bc4 Nf6 4. d3 Be7 5. 0-0 0-0 6. c3 d5 7. exd5 Nxd5 8. h3 Bf6 9. Nbd2 Nb6 10. Bb5 Bd7 11. Ne4 a6 12. Ba4 Nxa4 13. Qxa4 Be7 14. Re1 Nd4 15. Qd1 Nxf3+ 16. Qxf3 Bc6 17. Qh5 f6 18. Rd1 f5 19. Ng5 Bxg5 20. Qxg5 Rf6 21. Kh1 Rg6 22. Qxd8+ Rxd8 23. f3 e4 24. fxe4 Bxe4 25. Rg1 Rxd3 26. Kh2 Rdg3 27. Bf4 Rxg2+ 0-1

[Event "SVK-ch U14 Girls"]
[Site "Liptovsky Mikulas"]
[Date "2019.04.25"]
[Round "4"]
[White "Ivanecka, Natalia"]
[Black "Morongova, Vanesa"]
[Result "1/2-1/2"]
[WhiteElo "1558"]
[BlackElo "1114"]
[PlyCount "71"]
[EventDate "2019.04.23"]
[EventType "swiss"]
[EventRounds "9"]
[EventCountry "SVK"]
[SourceTitle "CBM 190 Extra"]
[Source "ChessBase"]
[SourceDate "2019.07.15"]
[SourceVersion "1"]
[SourceVersionDate "2019.07.15"]
[SourceQuality "1"]

1. e4 e5 2. Nf3 Nc6 3. Bc4 Nf6 4. d3 d5 5. exd5 Nxd5 6. Bxd5 Qxd5 7. Nc3 Bb4 8. Bd2 Bxc3 9. Bxc3 Bg4 10. h3 Bxf3 11. Qxf3 Qxf3 12. gxf3 Nd4 13. Bxd4 exd4 14. 0-0-0 0-0-0 15. Rde1 f5 16. Re7 Rd7 17. Rhe1 Rxe7 18. Rxe7 Rg8 19. Rf7 g6 20. Rxh7 g5 21. Kd2 b6 22. Rf7 Rh8 23. Rxf5 Rxh3 24. Rxg5 Rxf3 25. Ke2 Rf4 26. f3 Rf6 27. Rg4 c5 28. c3 dxc3 29. bxc3 Kc7 30. Rg7+ Kb8 31. Rg4 Kc7 32. Ke3 Kd6 33. Ra4 a5 34. Rg4 Re6+ 35. Re4 Rf6 36. Rg4 1/2-1/2

[Event "SVK-ch U14 Girls"]
[Site "Liptovsky Mikulas"]
[Date "2019.04.24"]
[Round "3"]
[White "Sevcikova, Lucia"]
[Black "Ivanecka, Natalia"]
[Result "1/2-1/2"]
[WhiteElo "1756"]
[BlackElo "1558"]
[PlyCount "50"]
[EventDate "2019.04.23"]
[EventType "swiss"]
[EventRounds "9"]
[EventCountry "SVK"]
[SourceTitle "CBM 190 Extra"]
[Source "ChessBase"]
[SourceDate "2019.07.15"]
[SourceVersion "1"]
[SourceVersionDate "2019.07.15"]
[SourceQuality "1"]

1. d4 Nf6 2. c4 e6 3. Nc3 d5 4. cxd5 exd5 5. Bg5 Be7 6. e3 c6 7. Bd3 Bg4 8. f3 Bh5 9. Nge2 Nbd7 10. Nf4 Bg6 11. Nxg6 hxg6 12. Qc2 Qb6 13. Qf2 c5 14. 0-0 cxd4 15. exd4 0-0 16. Rfe1 Bd6 17. Rac1 Rfe8 18. Bb5 Rxe1+ 19. Rxe1 Bb4 20. Bxd7 Bxc3 21. bxc3 Nxd7 22. h3 Rc8 23. Qd2 Qc6 24. Re3 Nb6 25. Qe1 Na4 1/2-1/2

[Event "SVK-ch U14 Girls"]
[Site "Liptovsky Mikulas"]
[Date "2019.04.23"]
[Round "1"]
[White "Kubikova, Nina"]
[Black "Ivanecka, Natalia"]
[Result "1-0"]
[WhiteElo "1201"]
[BlackElo "1558"]
[PlyCount "113"]
[EventDate "2019.04.23"]
[EventType "swiss"]
[EventRounds "9"]
[EventCountry "SVK"]
[SourceTitle "CBM 190 Extra"]
[Source "ChessBase"]
[SourceDate "2019.07.15"]
[SourceVersion "1"]
[SourceVersionDate "2019.07.15"]
[SourceQuality "1"]

1. e4 e5 2. Nf3 Nc6 3. d4 exd4 4. Nxd4 Nf6 5. Nc3 Bb4 6. Nxc6 bxc6 7. Bd3 0-0 8. 0-0 Re8 9. Qf3 h6 10. Bf4 d6 11. h3 Bxc3 12. bxc3 Nd7 13. Rfe1 Qf6 14. Bc4 Ne5 15. Bxe5 Qxf3 16. gxf3 Rxe5 17. Bf1 Rb8 18. Rab1 Rb6 19. Kh2 Ra5 20. Bc4 Rc5 21. Bb3 Rxc3 22. Kg2 Be6 23. Rbc1 Rc5 24. Rh1 Rb4 25. Rcd1 Bxb3 26. cxb3 Ra5 27. Rd2 Rg5+ 28. Kh2 Rbb5 29. Rg1 Rxg1 30. Kxg1 f5 31. Rc2 fxe4 32. fxe4 Rg5+ 33. Kh2 c5 34. Rc4 Re5 35. Ra4 a5 36. f3 c4 37. Rxc4 Rc5 38. Rxc5 dxc5 39. Kg3 Kf7 40. Kg4 Kf6 41. h4 Ke5 42. Kh5 Kf6 43. f4 a4 44. Kg4 axb3 45. axb3 Kg6 46. e5 h5+ 47. Kf3 Kf5 48. Ke3 Ke6 49. Kd3 Kd5 50. Kc3 g6 51. Kd3 c4+ 52. bxc4+ Ke6 53. Kd4 c6 54. Kc5 Kd7 55. e6+ Kxe6 56. Kxc6 Kf5 57. Kd6 1-0

[Event "SVK-chT2D 1819"]
[Site "Slovakia"]
[Date "2019.03.02"]
[Round "8.8"]
[White "Krajnik, Richard"]
[Black "Ivanecka, Natalia"]
[Result "1-0"]
[WhiteElo "1679"]
[BlackElo "1592"]
[PlyCount "131"]
[EventDate "2018.10.13"]
[EventType "team-tourn"]
[EventRounds "11"]
[EventCountry "SVK"]
[SourceTitle "CBM 189 Extra"]
[Source "ChessBase"]
[SourceDate "2019.06.03"]
[SourceVersion "1"]
[SourceVersionDate "2019.06.03"]
[SourceQuality "1"]
[WhiteTeam "Kosice Slavia UPJS III"]
[BlackTeam "Presov Slavia PU"]
[WhiteTeamCountry "SVK"]
[BlackTeamCountry "SVK"]

1. e4 e5 2. Nf3 Nc6 3. Nc3 Nf6 4. d3 Be7 5. Ne2 d5 6. exd5 Nxd5 7. Ng3 Be6 8. Be2 0-0 9. 0-0 Qd7 10. Ng5 Bxg5 11. Bxg5 h6 12. Bd2 Nd4 13. Re1 Rfe8 14. Bf1 Bg4 15. f3 Bf5 16. Ne4 Qe6 17. c3 Nc6 18. d4 Qd7 19. Nc5 Qc8 20. dxe5 Rxe5 21. Rxe5 Nxe5 22. Bxh6 Nf6 23. Bg5 Ned7 24. Qd4 b6 25. Nxd7 Nxd7 26. Re1 Nc5 27. Bh4 Be6 28. b4 Nd7 29. a4 c5 30. Qe4 cxb4 31. cxb4 a6 32. Bd3 g6 33. Qd4 Kh7 34. Bg5 Nf8 35. Qh4+ Kg8 36. Bh6 Qd8 37. Qxd8 Rxd8 38. Bxa6 Ra8 39. Bb5 Bb3 40. Ra1 Ne6 41. a5 bxa5 42. bxa5 Nd4 43. Bd3 Nc2 44. Bxc2 Bxc2 45. a6 f5 46. a7 Kf7 47. Bf4 Bb3 48. Bb8 Kf6 49. f4 Bd5 50. g3 Be4 51. Kf2 Ke7 52. Ra6 Kf7 53. h3 Bb7 54. Rd6 Bc8 55. Rc6 Bd7 56. Rc7 Ke6 57. Rb7 Bc8 58. Rc7 Bd7 59. g4 Ba4 60. g5 Bd1 61. Kg3 Bh5 62. Kh4 Kd5 63. Rh7 Be2 64. Rh6 Bh5 65. Rxh5 gxh5 66. Kxh5 1-0

[Event "SVK-ch U14 Girls"]
[Site "Liptovsky Mikulas"]
[Date "2018.04.22"]
[Round "3"]
[White "Pivoda, Reka"]
[Black "Ivanecka, Natalia"]
[Result "0-1"]
[WhiteElo "1160"]
[BlackElo "1423"]
[PlyCount "120"]
[EventDate "2018.04.21"]
[EventType "swiss"]
[EventRounds "9"]
[EventCountry "SVK"]
[SourceTitle "CBM 184 Extra"]
[Source "ChessBase"]
[SourceDate "2018.06.28"]
[SourceVersion "1"]
[SourceVersionDate "2018.06.28"]
[SourceQuality "1"]

1. e4 e5 2. Nf3 Nc6 3. Bc4 Bc5 4. d3 h6 5. Nc3 Nf6 6. Bd2 d6 7. h3 Bd7 8. 0-0 0-0 9. Nh4 Na5 10. Qf3 Nxc4 11. dxc4 Kh8 12. Ne2 Bc6 13. Nf5 Bxe4 14. Qg3 Bxf5 15. Qf3 Bxc2 16. Rac1 Be4 17. Qg3 a6 18. Qh4 Bd3 19. Rfe1 Bxe2 20. Rxe2 Bd4 21. Kh1 Bxb2 22. Rc2 Bd4 23. f4 exf4 24. Qxf4 Be5 25. Qh4 Nh7 26. Qg4 Qf6 27. Re1 Ng5 28. Qh5 Bg3 29. Rd1 Rae8 30. Qg4 Be5 31. Qh4 Nh7 32. Qg4 Qg6 33. Qf3 Qxc2 34. Qf1 Qxa2 35. Bb4 Re6 36. Rd2 Qb3 37. Ba5 b6 38. Bxb6 cxb6 39. Qe2 Qg3 40. Kg1 Qh2+ 41. Kf1 Qh1+ 42. Kf2 Bg3+ 43. Kxg3 Rxe2 44. Rxe2 Qf1 45. Rf2 Qxc4 46. Rf4 Qxf4+ 47. Kxf4 a5 48. Ke3 a4 49. Kd2 Rc8 50. Kd3 a3 51. Kd2 a2 52. Kd3 a1Q 53. Kd2 Qc3+ 54. Ke2 Re8+ 55. Kf2 Qe1+ 56. Kf3 Ng5+ 57. Kf4 Qe3+ 58. Kg4 g6 59. Kh4 Re4+ 60. g4 Qxh3# 0-1

[Event "SVK-ch U12 Girls"]
[Site "Liptovsky Mikulas"]
[Date "2017.04.28"]
[Round "9"]
[White "Carnecka, Stella"]
[Black "Ivanecka, Natalia"]
[Result "0-1"]
[WhiteElo "1254"]
[BlackElo "1376"]
[PlyCount "110"]
[EventDate "2017.04.22"]
[EventType "swiss"]
[EventRounds "9"]
[EventCountry "SVK"]
[SourceTitle "CBM 178 Extra"]
[Source "ChessBase"]
[SourceDate "2017.06.22"]
[SourceVersion "1"]
[SourceVersionDate "2017.06.22"]
[SourceQuality "1"]

1. e4 e5 2. Nf3 Nc6 3. Bc4 Bc5 4. c3 Nf6 5. d4 exd4 6. cxd4 Bb4+ 7. Nc3 Bxc3+ 8. bxc3 Nxe4 9. 0-0 d5 10. Qd3 0-0 11. Bb3 Bf5 12. Bb2 Ng3 13. Qb5 Nxf1 14. Qxb7 Na5 15. Qxd5 Nxb3 16. Qxd8 Rfxd8 17. axb3 Nxh2 18. Kxh2 Be6 19. b4 Kf8 20. Ne5 Bd7 21. c4 f6 22. Nd3 c6 23. Nc5 Kf7 24. g3 Be6 25. Nb7 Rdb8 26. Na5 Rxb4 27. Bc3 Rbb8 28. Nxc6 Rc8 29. d5 Bd7 30. Na5 Re8 31. c5 Re2 32. Kg2 Rc2 33. Bb4 Rb8 34. c6 Bc8 35. Ba3 Rb5 36. d6 Rxa5 37. d7 Bxd7 38. cxd7 Rd5 39. Bc1 Rxd7 40. Be3 Rc8 41. Rxa7 Rxa7 42. Bxa7 Ke6 43. Kh3 Rc4 44. f4 g6 45. Kg4 h6 46. Be3 Re4 47. Bd2 Re2 48. Bc1 Rh2 49. Kf3 g5 50. fxg5 hxg5 51. g4 Rh3+ 52. Kg2 Rc3 53. Bxg5 fxg5 54. Kf2 Ke5 55. Kg2 Kf4 0-1

[Event "SVK-ch U12 Girls"]
[Site "Liptovsky Mikulas"]
[Date "2017.04.23"]
[Round "2"]
[White "Ivanecka, Natalia"]
[Black "Stolarova, Paulina"]
[Result "1-0"]
[WhiteElo "1376"]
[BlackElo "1000"]
[PlyCount "87"]
[EventDate "2017.04.22"]
[EventType "swiss"]
[EventRounds "9"]
[EventCountry "SVK"]
[SourceTitle "CBM 178 Extra"]
[Source "ChessBase"]
[SourceDate "2017.06.22"]
[SourceVersion "1"]
[SourceVersionDate "2017.06.22"]
[SourceQuality "1"]

1. e4 e5 2. Nf3 Nc6 3. Bc4 h6 4. d3 Nf6 5. c3 Bc5 6. 0-0 0-0 7. Re1 d6 8. d4 Bb6 9. h3 Bd7 10. b3 Re8 11. d5 Ne7 12. Be3 Bxe3 13. Rxe3 Ng6 14. Nbd2 Qc8 15. Nf1 Nf4 16. Ng3 Bxh3 17. gxh3 Qxh3 18. Bf1 Qg4 19. Nh2 Qh4 20. Ne2 Ng4 21. Nxg4 Qxg4+ 22. Rg3 Qh4 23. Nxf4 exf4 24. Rg4 Qf6 25. Qd3 h5 26. Rg2 f3 27. Rg3 h4 28. Rxf3 Qg6+ 29. Bg2 Re5 30. Rf5 Rae8 31. Rxe5 Rxe5 32. Qf3 Rh5 33. Qh3 Qg5 34. Rd1 c6 35. dxc6 bxc6 36. Kf1 Qc5 37. c4 Qa3 38. Qc8+ Kh7 39. Qg4 g6 40. Qf4 Kg7 41. Rxd6 Qxa2 42. Qf6+ Kh6 43. Bf3 Rg5 44. Qh8# 1-0

[Event "SVK-ch U12 Girls"]
[Site "Liptovsky Mikulas"]
[Date "2017.04.22"]
[Round "1"]
[White "Kusa, Stela"]
[Black "Ivanecka, Natalia"]
[Result "0-1"]
[WhiteElo "1069"]
[BlackElo "1376"]
[PlyCount "120"]
[EventDate "2017.04.22"]
[EventType "swiss"]
[EventRounds "9"]
[EventCountry "SVK"]
[SourceTitle "CBM 178 Extra"]
[Source "ChessBase"]
[SourceDate "2017.06.22"]
[SourceVersion "1"]
[SourceVersionDate "2017.06.22"]
[SourceQuality "1"]

1. e4 e5 2. Nf3 Nc6 3. Bc4 Bc5 4. c3 Nf6 5. d4 exd4 6. cxd4 Bb4+ 7. Bd2 Bxd2+ 8. Nbxd2 d5 9. exd5 Nxd5 10. 0-0 0-0 11. Re1 Be6 12. Bb3 Qf6 13. Nc4 Rad8 14. Qd2 Nf4 15. Rad1 Bd5 16. Re3 Qg6 17. g3 Nh3+ 18. Kf1 Bxf3 19. Rxf3 Qe4 20. Re3 Qh1+ 21. Ke2 Qg2 22. Qe1 Nxd4+ 23. Kd2 Nf3+ 24. Kc1 Nxe1 25. Rdxe1 Qxf2 26. R3e2 Qc5 27. Kb1 Ng5 28. h4 Nf3 29. Rf1 Nd4 30. Ree1 Nxb3 31. axb3 Rfe8 32. Rc1 Qd4 33. Ka1 Qd3 34. Ka2 Qxg3 35. h5 Re6 36. Rg1 Qf4 37. h6 Qxh6 38. Kb1 Rde8 39. Rcd1 Qh4 40. Ka1 Re1 41. Rdxe1 Rxe1+ 42. Rxe1 Qxe1+ 43. Ka2 b5 44. Na3 a6 45. b4 Qxb4 46. Ka1 c5 47. Kb1 c4 48. Nc2 Qd2 49. Na3 c3 50. bxc3 Qxc3 51. Ka2 b4 52. Nb1 b3+ 53. Ka3 Qa1+ 54. Kxb3 Qxb1+ 55. Kc4 Qd1 56. Kc3 Kf8 57. Kb4 Qc2 58. Ka5 Qb3 59. Kxa6 Ke7 60. Ka7 Kd7 0-1

[Event "SVK-ch U12 Girls"]
[Site "Liptovsky Mikulas"]
[Date "2016.04.23"]
[Round "9"]
[White "Ivanecka, Natalia"]
[Black "Sivicekova, Barbora"]
[Result "1-0"]
[WhiteElo "1325"]
[BlackElo "1000"]
[PlyCount "87"]
[EventDate "2016.04.16"]
[EventType "swiss"]
[EventRounds "9"]
[EventCountry "SVK"]
[SourceTitle "CBM 172 Extra"]
[Source "ChessBase"]
[SourceDate "2016.06.21"]
[SourceVersion "1"]
[SourceVersionDate "2016.06.21"]
[SourceQuality "1"]

1. e4 e5 2. Nf3 Nc6 3. Bc4 Bc5 4. 0-0 Nf6 5. d4 exd4 6. e5 Ng4 7. h3 Ngxe5 8. Nxe5 Nxe5 9. Re1 d6 10. f4 d3+ 11. Kh1 dxc2 12. Qxc2 f6 13. fxe5 fxe5 14. Nc3 Qf6 15. Rf1 Qg6 16. Bf7+ Qxf7 17. Rxf7 Kxf7 18. Qe2 Rf8 19. Be3 Bb4 20. Qc4+ Be6 21. Qxb4 b6 22. Qa4 Kg8 23. Qc2 Bf5 24. Qd2 Rf7 25. Qd5 Raf8 26. Ne4 Bxe4 27. Qxe4 Rf1+ 28. Rxf1 Rxf1+ 29. Kh2 Rf6 30. Qa8+ Rf8 31. Qxa7 Rc8 32. Qb7 Re8 33. Qxc7 Re6 34. Qxb6 h6 35. Bc5 e4 36. Bxd6 Kf7 37. Qb3 Kf6 38. Bg3 e3 39. a4 e2 40. a5 Kf5 41. Qd3+ Kg5 42. a6 e1Q 43. Bxe1 Rxe1 44. Qd2+ 1-0

[Event "SVK-ch U12 Girls"]
[Site "Liptovsky Mikulas"]
[Date "2016.04.19"]
[Round "5"]
[White "Ivanecka, Natalia"]
[Black "Vozarova, Adriana"]
[Result "0-1"]
[WhiteElo "1325"]
[BlackElo "1509"]
[PlyCount "100"]
[EventDate "2016.04.16"]
[EventType "swiss"]
[EventRounds "9"]
[EventCountry "SVK"]
[SourceTitle "CBM 172 Extra"]
[Source "ChessBase"]
[SourceDate "2016.06.21"]
[SourceVersion "1"]
[SourceVersionDate "2016.06.21"]
[SourceQuality "1"]

1. e4 e5 2. Nf3 Nc6 3. Bb5 a6 4. Ba4 Nf6 5. 0-0 Be7 6. Bxc6 dxc6 7. d3 Bg4 8. b3 0-0 9. Bb2 Bd6 10. Nbd2 b5 11. a4 Re8 12. h3 Bxf3 13. Qxf3 Nd7 14. Qe2 Qg5 15. Nf3 Qg6 16. Qe3 h6 17. Nh4 Qh5 18. Nf5 Qg6 19. Qg3 Qxg3 20. Nxg3 Nc5 21. axb5 cxb5 22. Rfe1 Nd7 23. Rad1 c5 24. Nf5 Bc7 25. c3 Bb6 26. d4 exd4 27. cxd4 cxd4 28. Bxd4 Bxd4 29. Rxd4 Nc5 30. Rb4 Nd3 31. Rxb5 axb5 32. Re3 Ra1+ 33. Kh2 Nxf2 34. Kg3 Nxe4+ 35. Kh2 Nf6 36. Rg3 Nh5 37. Rf3 Ree1 38. Ng3 Nxg3 39. Kxg3 Ra3 40. Rc3 Rb1 41. Kh2 Rbxb3 42. Rc8+ Kh7 43. Rc7 f6 44. Rb7 b4 45. Rb5 Rb1 46. Rd5 Rc3 47. Ra5 Rc2 48. Rb5 Rbb2 49. Kg3 Rxg2+ 50. Kh4 Rg5 0-1